000 01349nam a22003857a 4500
003 CHAP
005 20220329142021.0
008 990301d1998 mx r 00110 spa d
010 _a77125
011 _a78097
035 _a87932
040 _cCHAP
090 _aTesis
100 0 0 _aNarciso Gaytán, Carlos.
_980217
245 1 0 _aComposición lipídica y pigmentación en yema de huevo con el simbiosistema Azolla-Anabeana
_c/por Carlos Narciso Gaytán
260 _aChapingo, Méx. :
_bEl autor,
_c1998.
300 _a73 h. :
_bcuadros
502 _aTesis (Ing. Agr. Esp. en Fitotecnia) -- UACH. Departamento de Fitotecnia
590 _aALEPH
_b10
_c20130110
_lUCH01
_h1428
590 _aBATCH-UPD
_b10
_c20130110
_lUCH01
_h1406
590 _aBATCH-UPD
_b10
_c20130410
_lUCH01
_h0855
590 _aBATCH-UPD
_b10
_c20130914
_lUCH01
_h0508
590 _aBATCH-UPD
_b10
_c20130914
_lUCH01
_h2144
590 _aCONVERSION
_b10
_c20130109
_lUCH01
_h1342
650 1 4 _aAzolla.
_99120
650 1 4 _aHuevos
_xAnálisis.
_956739
650 1 4 _aLípidos.
_967487
650 1 4 _aPigmentos animales.
_988056
901 _aBK
905 _aGuadalupe Pinto C.
942 _cFOLL
949 _bBC
_cTES
_d33724000711867
_eTS2
_fc.2
_h33685
_i87932
_sb
949 _bBC
_cTES
_d33724000758702
_eTS2
_fc.2
_h35513
_i87932
_sb
949 _bBC
_cTES
_d879321
_eTS1
_h33684
_i87932
_sb
999 _c77125
_d77125